[Event "Deutsche Ländermeisterschaft 2021"]
[Site "Neumünster GER"]
[Date "2021.10.02"]
[Round "2"]
[White "Degenhard, Simon"]
[Black "Weishäutel, Moritz"]
[Result "0-1"]
[Termination "normal"]
[Board "7.1"]
[WhiteTitle "FM"]
[WhiteElo "2220"]
[BlackElo "2248"]
[WhiteClock "00:04:37"]
[BlackClock "00:14:13"]
[WhiteTeam "Württemberg"]
[BlackTeam "Thüringen"]
[PlyCount "76"]
[WhiteFideId "12944017"]
[BlackFideId "12967300"]
[EventCountry "GER"]
[EventRounds "7"]
[EventType "team-swiss"]
[EventDate "2021.10.01"]

1. e4 {[%clk 1:30:56]} c5 {[%clk 1:30:57]} 2. Nf3 {[%clk 1:31:17]} e6 {[%clk
1:31:24]} 3. d4 {[%clk 1:31:37]} cxd4 {[%clk 1:31:51]} 4. Nxd4 {[%clk 1:32:01]}
Nf6 {[%clk 1:32:18]} 5. Nc3 {[%clk 1:32:21]} Nc6 {[%clk 1:32:45]} 6. Ndb5
{[%clk 1:32:20]} Bb4 {[%clk 1:33:09]} 7. a3 {[%clk 1:32:20]} Bxc3+ {[%clk
1:33:33]} 8. Nxc3 {[%clk 1:32:42]} d5 {[%clk 1:34:00]} 9. exd5 {[%clk 1:33:05]}
exd5 {[%clk 1:34:27]} 10. Bd3 {[%clk 1:33:26]} O-O {[%clk 1:34:49]} 11. O-O
{[%clk 1:32:20]} d4 {[%clk 1:35:16]} 12. Ne2 {[%clk 1:29:37]} Bg4 {[%clk
1:35:36]} 13. h3 {[%clk 1:25:02]} Bh5 {[%clk 1:35:19]} 14. Bf4 {[%clk 1:22:55]}
Qb6 {[%clk 1:24:15]} 15. Rb1 {[%clk 1:04:34]} Rfe8 {[%clk 1:18:31]} 16. Qd2
{[%clk 1:03:42]} Bg6 {[%clk 1:15:23]} 17. Bxg6 {[%clk 0:52:04]} hxg6 {[%clk
1:15:40]} 18. Rfe1 {[%clk 0:46:52]} Rad8 {[%clk 1:07:35]} 19. Qd3 {[%clk
0:44:03]} Ne5 {[%clk 1:00:56]} 20. Bxe5 {[%clk 0:40:16]} Rxe5 {[%clk 0:59:48]}
21. Kf1 {[%clk 0:37:03]} Ne4 {[%clk 0:51:20]} 22. Rbd1 {[%clk 0:24:22]} Qf6
{[%clk 0:36:11]} 23. Qf3 {[%clk 0:22:41]} Qc6 {[%clk 0:36:27]} 24. Qd3 {[%clk
0:15:48]} Qf6 {[%clk 0:30:56]} 25. Qf3 {[%clk 0:16:00]} Qe6 {[%clk 0:31:02]}
26. Qd3 {[%clk 0:12:22]} Re8 {[%clk 0:20:52]} 27. f4 {[%clk 0:11:39]} Ng3+
{[%clk 0:18:48]} 28. Qxg3 {[%clk 0:11:59]} Rxe2 {[%clk 0:19:14]} 29. Rc1 {[%clk
0:09:09]} Qe4 {[%clk 0:18:29]} 30. b3 {[%clk 0:05:18]} Re6 {[%clk 0:17:53]} 31.
Rxe2 {[%clk 0:03:29]} Qxe2+ {[%clk 0:18:18]} 32. Kg1 {[%clk 0:03:54]} Qd2
{[%clk 0:18:06]} 33. Rf1 {[%clk 0:04:15]} Qxc2 {[%clk 0:18:24]} 34. f5 {[%clk
0:04:29]} gxf5 {[%clk 0:16:34]} 35. Qb8+ {[%clk 0:04:51]} Kh7 {[%clk 0:17:01]}
36. Rf4 {[%clk 0:04:29]} Re4 {[%clk 0:14:02]} 37. Kh2 {[%clk 0:04:15]} Rxf4
{[%clk 0:13:50]} 38. Qxf4 {[%clk 0:04:37]} Qe4 {[%clk 0:14:13]} 0-1

[Event "Deutsche Ländermeisterschaft 2021"]
[Site "Neumünster GER"]
[Date "2021.10.02"]
[Round "2"]
[White "Müller, Magnus"]
[Black "Geltz, Noah"]
[Result "0-1"]
[Termination "normal"]
[Board "7.2"]
[WhiteElo "2047"]
[BlackElo "2088"]
[WhiteClock "00:15:43"]
[BlackClock "00:07:26"]
[WhiteTeam "Thüringen"]
[BlackTeam "Württemberg"]
[PlyCount "52"]
[WhiteFideId "16230060"]
[BlackFideId "16224256"]
[EventCountry "GER"]
[EventRounds "7"]
[EventType "team-swiss"]
[EventDate "2021.10.01"]

1. d4 {[%clk 1:30:29]} Nf6 {[%clk 1:30:41]} 2. Bg5 {[%clk 1:27:25]} e6 {[%clk
1:29:27]} 3. Nd2 {[%clk 1:27:15]} d5 {[%clk 1:25:43]} 4. e3 {[%clk 1:27:38]} c5
{[%clk 1:24:11]} 5. c3 {[%clk 1:27:39]} Nc6 {[%clk 1:20:48]} 6. f4 {[%clk
1:25:59]} h6 {[%clk 1:11:50]} 7. Bxf6 {[%clk 1:26:14]} Qxf6 {[%clk 1:10:56]} 8.
Ngf3 {[%clk 1:25:42]} g5 {[%clk 1:06:00]} 9. fxg5 {[%clk 1:24:08]} hxg5 {[%clk
1:05:02]} 10. Bb5 {[%clk 1:23:41]} Bd6 {[%clk 0:57:47]} 11. dxc5 {[%clk
0:44:21]} Bxc5 {[%clk 0:55:53]} 12. Nd4 {[%clk 0:42:44]} e5 {[%clk 0:52:08]}
13. Nc2 {[%clk 0:41:58]} Bf5 {[%clk 0:35:59]} 14. Qf3 {[%clk 0:38:25]} Qe6
{[%clk 0:29:48]} 15. c4 {[%clk 0:20:14]} Bxc2 {[%clk 0:27:35]} 16. cxd5 {[%clk
0:19:38]} e4 {[%clk 0:27:41]} 17. dxe6 {[%clk 0:19:22]} exf3 {[%clk 0:28:05]}
18. Nxf3 {[%clk 0:16:15]} fxe6 {[%clk 0:21:54]} 19. Ke2 {[%clk 0:16:11]} Be7
{[%clk 0:18:39]} 20. Nd4 {[%clk 0:15:30]} Be4 {[%clk 0:17:01]} 21. Nxe6 {[%clk
0:15:04]} Kf7 {[%clk 0:14:20]} 22. Nc7 {[%clk 0:15:28]} Rac8 {[%clk 0:12:25]}
23. Raf1+ {[%clk 0:15:06]} Kg6 {[%clk 0:11:05]} 24. Ne6 {[%clk 0:15:30]} Bxg2
{[%clk 0:07:01]} 25. Bd3+ {[%clk 0:15:50]} Kh6 {[%clk 0:07:26]} 26. h4 {[%clk
0:15:43]} gxh4 0-1

[Event "Deutsche Ländermeisterschaft 2021"]
[Site "Neumünster GER"]
[Date "2021.10.02"]
[Round "2"]
[White "Ensslinger, Colin"]
[Black "Reucker, Friedrich"]
[Result "1/2-1/2"]
[Termination "normal"]
[Board "7.3"]
[WhiteElo "1708"]
[BlackElo "2031"]
[WhiteClock "00:42:50"]
[BlackClock "00:00:42"]
[WhiteTeam "Württemberg"]
[BlackTeam "Thüringen"]
[PlyCount "148"]
[WhiteFideId "16226011"]
[BlackFideId "12993670"]
[EventCountry "GER"]
[EventRounds "7"]
[EventType "team-swiss"]
[EventDate "2021.10.01"]

1. e4 {[%clk 1:29:45]} c5 {[%clk 1:30:51]} 2. Nf3 {[%clk 1:30:09]} d6 {[%clk
1:31:17]} 3. d4 {[%clk 1:30:32]} cxd4 {[%clk 1:31:41]} 4. Nxd4 {[%clk 1:30:54]}
Nf6 {[%clk 1:32:06]} 5. Nc3 {[%clk 1:31:17]} a6 {[%clk 1:32:20]} 6. g3 {[%clk
1:31:42]} Bd7 {[%clk 1:31:37]} 7. a4 {[%clk 1:31:42]} Nc6 {[%clk 1:31:50]} 8.
Bg2 {[%clk 1:32:02]} e6 {[%clk 1:32:16]} 9. O-O {[%clk 1:32:16]} Be7 {[%clk
1:32:43]} 10. Be3 {[%clk 1:29:26]} O-O {[%clk 1:32:26]} 11. h3 {[%clk 1:26:51]}
Rc8 {[%clk 1:30:49]} 12. Nxc6 {[%clk 1:22:55]} Bxc6 {[%clk 1:31:17]} 13. Qd3
{[%clk 1:20:27]} Qc7 {[%clk 1:26:51]} 14. Rfd1 {[%clk 1:09:52]} Nd7 {[%clk
1:11:26]} 15. Bd4 {[%clk 1:04:32]} Ne5 {[%clk 1:05:07]} 16. Qe2 {[%clk
1:02:03]} Bf6 {[%clk 0:29:12]} 17. Rd2 {[%clk 0:55:29]} Rfd8 {[%clk 0:27:04]}
18. f4 {[%clk 0:53:27]} Nd7 {[%clk 0:27:28]} 19. Bxf6 {[%clk 0:53:49]} Nxf6
{[%clk 0:27:48]} 20. Qe3 {[%clk 0:54:13]} Qa5 {[%clk 0:24:24]} 21. Rad1 {[%clk
0:49:49]} Qb4 {[%clk 0:18:30]} 22. b3 {[%clk 0:48:57]} b5 {[%clk 0:12:42]} 23.
Rd4 {[%clk 0:46:14]} Qc5 {[%clk 0:13:00]} 24. b4 {[%clk 0:45:56]} Qa7 {[%clk
0:11:36]} 25. a5 {[%clk 0:44:52]} Ba8 {[%clk 0:08:11]} 26. Kh2 {[%clk 0:44:49]}
h6 {[%clk 0:05:31]} 27. Qd3 {[%clk 0:44:02]} Ne8 {[%clk 0:05:11]} 28. Ne2
{[%clk 0:31:00]} Qc7 {[%clk 0:04:50]} 29. Rd2 {[%clk 0:29:56]} Qc6 {[%clk
0:02:47]} 30. Nc1 {[%clk 0:29:47]} Qc3 {[%clk 0:02:34]} 31. Qxc3 {[%clk
0:25:46]} Rxc3 {[%clk 0:03:01]} 32. e5 {[%clk 0:26:08]} Bxg2 {[%clk 0:02:54]}
33. Kxg2 {[%clk 0:26:28]} d5 {[%clk 0:03:16]} 34. Nb3 {[%clk 0:26:28]} Rdc8
{[%clk 0:01:59]} 35. Nc5 {[%clk 0:26:22]} R8xc5 {[%clk 0:02:13]} 36. bxc5
{[%clk 0:26:41]} Rxc5 {[%clk 0:02:42]} 37. Rb4 {[%clk 0:26:09]} Kf8 {[%clk
0:01:20]} 38. Kf2 {[%clk 0:26:10]} Ke7 {[%clk 0:01:38]} 39. Rb3 {[%clk
0:25:57]} Kd7 {[%clk 0:00:59]} 40. Ke2 {[%clk 0:24:36]} Rc4 {[%clk 0:00:33]}
41. Kd1 {[%clk 0:23:27]} g6 {[%clk 0:29:40]} 42. Rdd3 {[%clk 0:52:58]} Ng7
{[%clk 0:25:11]} 43. Rdc3 {[%clk 0:51:03]} Nf5 {[%clk 0:22:21]} 44. Rxc4 {[%clk
0:50:03]} dxc4 {[%clk 0:22:46]} 45. Ra3 {[%clk 0:50:17]} Kc6 {[%clk 0:22:41]}
46. g4 {[%clk 0:50:23]} Ne7 {[%clk 0:22:37]} 47. Rf3 {[%clk 0:44:17]} b4 {[%clk
0:20:53]} 48. Re3 {[%clk 0:43:40]} Kb5 {[%clk 0:18:51]} 49. Re4 {[%clk
0:43:15]} Nd5 {[%clk 0:15:04]} 50. Kc1 {[%clk 0:43:42]} c3 {[%clk 0:11:17]} 51.
Kb1 {[%clk 0:44:10]} Kxa5 {[%clk 0:11:00]} 52. f5 {[%clk 0:43:52]} Kb5 {[%clk
0:09:47]} 53. fxg6 {[%clk 0:42:53]} fxg6 {[%clk 0:10:15]} 54. Re1 {[%clk
0:43:03]} g5 {[%clk 0:09:22]} 55. Rf1 {[%clk 0:43:14]} Nf4 {[%clk 0:09:49]} 56.
Rd1 {[%clk 0:42:51]} a5 {[%clk 0:08:16]} 57. Ka2 {[%clk 0:41:14]} a4 {[%clk
0:07:32]} 58. Rd4 {[%clk 0:41:39]} Kc5 {[%clk 0:04:11]} 59. Rd8 {[%clk
0:41:32]} Kc4 {[%clk 0:03:55]} 60. Rc8+ {[%clk 0:41:40]} Kd4 {[%clk 0:04:12]}
61. Ra8 {[%clk 0:41:22]} Kxe5 {[%clk 0:04:25]} 62. Rxa4 {[%clk 0:41:45]} Nd5
{[%clk 0:04:51]} 63. Ra6 {[%clk 0:41:46]} Nf4 {[%clk 0:01:14]} 64. Kb3 {[%clk
0:41:37]} Ke4 {[%clk 0:01:13]} 65. Kxb4 {[%clk 0:41:47]} Kf3 {[%clk 0:00:47]}
66. Kxc3 {[%clk 0:42:04]} Kg3 {[%clk 0:01:10]} 67. Kd2 {[%clk 0:42:11]} Kxh3
{[%clk 0:01:35]} 68. c4 {[%clk 0:42:34]} Kxg4 {[%clk 0:02:00]} 69. Ke1 {[%clk
0:42:36]} Kf5 {[%clk 0:02:24]} 70. c5 {[%clk 0:42:30]} Nd3+ {[%clk 0:02:53]}
71. Kf1 {[%clk 0:42:54]} Nb4 {[%clk 0:01:10]} 72. Rd6 {[%clk 0:42:53]} Ke5
{[%clk 0:01:26]} 73. Rd8 {[%clk 0:42:50]} h5 {[%clk 0:00:42]} 74. Ke1 Nd3+
1/2-1/2

[Event "Deutsche Ländermeisterschaft 2021"]
[Site "Neumünster GER"]
[Date "2021.10.02"]
[Round "2"]
[White "Nguyen, Ha Thanh"]
[Black "Schwartz, Oliver"]
[Result "1-0"]
[Termination "normal"]
[Board "7.4"]
[WhiteElo "2001"]
[BlackElo "1761"]
[WhiteClock "00:52:05"]
[BlackClock "00:00:33"]
[WhiteTeam "Thüringen"]
[BlackTeam "Württemberg"]
[PlyCount "77"]
[WhiteFideId "12942154"]
[BlackFideId "16207459"]
[EventCountry "GER"]
[EventRounds "7"]
[EventType "team-swiss"]
[EventDate "2021.10.01"]

1. e4 {[%clk 1:30:57]} c5 {[%clk 1:30:51]} 2. Nf3 {[%clk 1:31:20]} d6 {[%clk
1:31:14]} 3. d4 {[%clk 1:31:44]} cxd4 {[%clk 1:31:29]} 4. Nxd4 {[%clk 1:32:07]}
Nf6 {[%clk 1:31:52]} 5. Nc3 {[%clk 1:26:31]} g6 {[%clk 1:32:00]} 6. Be2 {[%clk
1:23:31]} Bg7 {[%clk 1:32:00]} 7. Be3 {[%clk 1:22:44]} O-O {[%clk 1:30:49]} 8.
O-O {[%clk 1:22:11]} Nc6 {[%clk 1:25:51]} 9. h3 {[%clk 1:19:27]} d5 {[%clk
1:18:34]} 10. exd5 {[%clk 1:19:29]} Nxd5 {[%clk 1:18:16]} 11. Nxd5 {[%clk
1:19:52]} Qxd5 {[%clk 1:18:08]} 12. Bf3 {[%clk 1:20:11]} Qd7 {[%clk 1:11:47]}
13. Nxc6 {[%clk 1:19:36]} bxc6 {[%clk 1:12:10]} 14. c3 {[%clk 1:19:33]} Rb8
{[%clk 1:01:44]} 15. Qxd7 {[%clk 1:14:19]} Bxd7 {[%clk 1:02:08]} 16. Rfd1
{[%clk 1:14:04]} Be6 {[%clk 0:58:02]} 17. Rd2 {[%clk 1:13:19]} Rfc8 {[%clk
0:55:30]} 18. Bxa7 {[%clk 1:09:39]} Ra8 {[%clk 0:39:36]} 19. Bc5 {[%clk
1:09:47]} Rxa2 {[%clk 0:35:38]} 20. Rxa2 {[%clk 1:10:01]} Bxa2 {[%clk 0:36:01]}
21. Bxe7 {[%clk 1:09:24]} c5 {[%clk 0:24:22]} 22. Bb7 {[%clk 1:00:17]} Re8
{[%clk 0:20:31]} 23. Bxc5 {[%clk 0:59:50]} Bh6 {[%clk 0:20:28]} 24. Rd1 {[%clk
0:59:45]} Bb3 {[%clk 0:15:54]} 25. Ra1 {[%clk 0:59:39]} Kg7 {[%clk 0:15:07]}
26. Bd4+ {[%clk 0:59:15]} Kg8 {[%clk 0:15:02]} 27. Bc6 {[%clk 0:58:22]} Rc8
{[%clk 0:12:03]} 28. Bf3 {[%clk 0:56:29]} Rb8 {[%clk 0:10:50]} 29. g3 {[%clk
0:54:27]} Re8 {[%clk 0:09:23]} 30. Kg2 {[%clk 0:54:23]} Bg5 {[%clk 0:07:34]}
31. Ra3 {[%clk 0:54:14]} Bc4 {[%clk 0:05:57]} 32. Ra7 {[%clk 0:53:27]} h5
{[%clk 0:01:42]} 33. b4 {[%clk 0:53:29]} h4 {[%clk 0:01:25]} 34. g4 {[%clk
0:53:08]} Bd2 {[%clk 0:00:56]} 35. Bc6 {[%clk 0:52:38]} Rd8 {[%clk 0:00:43]}
36. b5 {[%clk 0:52:11]} g5 {[%clk 0:00:35]} 37. b6 {[%clk 0:52:09]} Bf4 {[%clk
0:00:45]} 38. b7 {[%clk 0:51:54]} Bb8 {[%clk 0:00:33]} 39. Ra8 {[%clk 0:52:05]}
1-0

[Event "Deutsche Ländermeisterschaft 2021"]
[Site "Neumünster GER"]
[Date "2021.10.02"]
[Round "2"]
[White "Chugunov, Ivan"]
[Black "Bock, Marlon"]
[Result "1/2-1/2"]
[Termination "normal"]
[Board "7.5"]
[WhiteElo "1515"]
[BlackElo "1727"]
[WhiteClock "00:42:44"]
[BlackClock "00:15:19"]
[WhiteTeam "Württemberg"]
[BlackTeam "Thüringen"]
[PlyCount "50"]
[WhiteFideId "16256808"]
[BlackFideId "16244931"]
[EventCountry "GER"]
[EventRounds "7"]
[EventType "team-swiss"]
[EventDate "2021.10.01"]

1. e4 {[%clk 1:30:57]} e5 {[%clk 1:30:56]} 2. Nf3 {[%clk 1:31:20]} Nc6 {[%clk
1:31:13]} 3. Bb5 {[%clk 1:31:35]} a6 {[%clk 1:31:13]} 4. Ba4 {[%clk 1:31:52]}
Nf6 {[%clk 1:30:57]} 5. O-O {[%clk 1:32:03]} Be7 {[%clk 1:30:34]} 6. Re1 {[%clk
1:31:27]} b5 {[%clk 1:29:35]} 7. Bb3 {[%clk 1:31:39]} d6 {[%clk 1:27:38]} 8. c3
{[%clk 1:31:13]} O-O {[%clk 1:23:17]} 9. h3 {[%clk 1:30:26]} Nb8 {[%clk
1:20:49]} 10. d4 {[%clk 1:28:08]} Nbd7 {[%clk 1:18:15]} 11. Be3 {[%clk
1:27:13]} Bb7 {[%clk 1:15:03]} 12. Nbd2 {[%clk 1:14:19]} Nxe4 {[%clk 0:59:45]}
13. Nxe4 {[%clk 1:06:32]} Bxe4 {[%clk 1:00:07]} 14. dxe5 {[%clk 1:03:50]} Bxf3
{[%clk 0:55:18]} 15. Qxf3 {[%clk 1:02:57]} Nxe5 {[%clk 0:54:41]} 16. Qe4 {[%clk
1:02:18]} Bf6 {[%clk 0:45:54]} 17. Bd5 {[%clk 0:59:37]} Rc8 {[%clk 0:29:30]}
18. Bb7 {[%clk 0:59:38]} d5 {[%clk 0:29:29]} 19. Qxd5 {[%clk 0:58:39]} Qxd5
{[%clk 0:25:22]} 20. Bxd5 {[%clk 0:58:26]} Rcd8 {[%clk 0:25:12]} 21. Rad1
{[%clk 0:57:05]} c6 {[%clk 0:22:49]} 22. Be4 {[%clk 0:54:06]} Nc4 {[%clk
0:21:17]} 23. Bc1 {[%clk 0:49:54]} c5 {[%clk 0:18:21]} 24. Bd5 {[%clk 0:44:28]}
Nb6 {[%clk 0:16:43]} 25. Bb7 {[%clk 0:42:44]} a5 {[%clk 0:15:19]} 1/2-1/2

[Event "Deutsche Ländermeisterschaft 2021"]
[Site "Neumünster GER"]
[Date "2021.10.02"]
[Round "2"]
[White "Aniol, Nico"]
[Black "Wörz, Ann-Sophie"]
[Result "1-0"]
[Termination "normal"]
[Board "7.6"]
[WhiteElo "1464"]
[BlackElo "1560"]
[WhiteClock "00:55:59"]
[BlackClock "00:25:54"]
[WhiteTeam "Thüringen"]
[BlackTeam "Württemberg"]
[PlyCount "65"]
[WhiteFideId "16287096"]
[BlackFideId "16265890"]
[EventCountry "GER"]
[EventRounds "7"]
[EventType "team-swiss"]
[EventDate "2021.10.01"]

1. e4 {[%clk 1:30:55]} d6 {[%clk 1:30:57]} 2. d4 {[%clk 1:30:43]} Nf6 {[%clk
1:31:22]} 3. Bd3 {[%clk 1:30:23]} g6 {[%clk 1:31:42]} 4. c4 {[%clk 1:29:46]}
Nbd7 {[%clk 1:30:47]} 5. Nc3 {[%clk 1:29:09]} Bg7 {[%clk 1:31:03]} 6. Nge2
{[%clk 1:28:17]} c6 {[%clk 1:29:03]} 7. O-O {[%clk 1:27:21]} Qc7 {[%clk
1:27:39]} 8. h3 {[%clk 1:26:18]} e5 {[%clk 1:25:53]} 9. d5 {[%clk 1:24:49]} Nc5
{[%clk 1:25:18]} 10. Bc2 {[%clk 1:23:34]} a5 {[%clk 1:25:18]} 11. Be3 {[%clk
1:23:17]} Ncd7 {[%clk 1:15:10]} 12. Qd2 {[%clk 1:20:39]} O-O {[%clk 1:15:03]}
13. Rfd1 {[%clk 1:19:29]} Ne8 {[%clk 1:13:38]} 14. Ng3 {[%clk 1:18:28]} h5
{[%clk 1:06:41]} 15. Rac1 {[%clk 1:12:32]} Kh7 {[%clk 1:03:27]} 16. Nf1 {[%clk
1:11:04]} Ndf6 {[%clk 0:59:58]} 17. Nh2 {[%clk 1:09:20]} Ng8 {[%clk 0:49:54]}
18. Nf3 {[%clk 1:08:27]} f6 {[%clk 0:48:45]} 19. Ba4 {[%clk 1:02:30]} Nh6
{[%clk 0:40:59]} 20. c5 {[%clk 0:59:08]} cxd5 {[%clk 0:37:03]} 21. Nxd5 {[%clk
0:59:23]} Qd8 {[%clk 0:37:20]} 22. Nb6 {[%clk 0:58:46]} Rb8 {[%clk 0:32:58]}
23. cxd6 {[%clk 0:58:10]} Nxd6 {[%clk 0:31:44]} 24. Qxd6 {[%clk 0:58:20]} Qxd6
{[%clk 0:31:39]} 25. Rxd6 {[%clk 0:58:47]} Nf7 {[%clk 0:31:51]} 26. Rd3 {[%clk
0:55:29]} f5 {[%clk 0:29:18]} 27. Ng5+ {[%clk 0:55:30]} Nxg5 {[%clk 0:29:23]}
28. Bxg5 {[%clk 0:55:58]} fxe4 {[%clk 0:28:22]} 29. Rdc3 {[%clk 0:55:42]} Bf5
{[%clk 0:27:01]} 30. Nd7 {[%clk 0:55:53]} Bxd7 {[%clk 0:27:25]} 31. Bxd7 {[%clk
0:56:18]} Bh6 {[%clk 0:25:25]} 32. Bxh6 {[%clk 0:56:06]} Kxh6 {[%clk 0:25:54]}
33. Rc8 {[%clk 0:55:59]} 1-0

[Event "Deutsche Ländermeisterschaft 2021"]
[Site "Neumünster GER"]
[Date "2021.10.02"]
[Round "2"]
[White "Dohon, Maria-Johanna"]
[Black "Eichhorn, Mathilda"]
[Result "0-1"]
[Termination "normal"]
[Board "7.7"]
[WhiteElo "1521"]
[BlackElo "1329"]
[WhiteClock "00:04:25"]
[BlackClock "00:06:52"]
[WhiteTeam "Württemberg"]
[BlackTeam "Thüringen"]
[PlyCount "50"]
[WhiteFideId "34600957"]
[BlackFideId "16242289"]
[EventCountry "GER"]
[EventRounds "7"]
[EventType "team-swiss"]
[EventDate "2021.10.01"]

1. d4 {[%clk 1:30:58]} e6 {[%clk 1:30:50]} 2. c4 {[%clk 1:31:23]} Nf6 {[%clk
1:31:10]} 3. Nf3 {[%clk 1:31:43]} d5 {[%clk 1:31:31]} 4. Nc3 {[%clk 1:32:02]}
c5 {[%clk 1:31:39]} 5. e3 {[%clk 1:31:57]} Nc6 {[%clk 1:31:49]} 6. cxd5 {[%clk
1:31:22]} exd5 {[%clk 1:31:34]} 7. dxc5 {[%clk 1:29:37]} Bxc5 {[%clk 1:29:40]}
8. a3 {[%clk 1:28:23]} O-O {[%clk 1:27:03]} 9. Be2 {[%clk 1:28:05]} Re8 {[%clk
1:21:30]} 10. O-O {[%clk 1:25:39]} Be6 {[%clk 1:18:41]} 11. b4 {[%clk 1:23:04]}
Bb6 {[%clk 1:07:24]} 12. Nb5 {[%clk 1:13:06]} a6 {[%clk 1:04:46]} 13. Nbd4
{[%clk 1:10:53]} Nxd4 {[%clk 0:45:35]} 14. Nxd4 {[%clk 1:10:42]} Qd6 {[%clk
0:44:51]} 15. Bb2 {[%clk 0:49:47]} Bc7 {[%clk 0:43:33]} 16. g3 {[%clk 0:41:04]}
Bh3 {[%clk 0:30:51]} 17. Re1 {[%clk 0:39:17]} Qe5 {[%clk 0:23:19]} 18. Rc1
{[%clk 0:21:46]} Bb6 {[%clk 0:19:40]} 19. Bf3 {[%clk 0:19:30]} Qg5 {[%clk
0:17:19]} 20. Ne2 {[%clk 0:15:56]} Bxe3 {[%clk 0:13:11]} 21. Nd4 {[%clk
0:07:30]} Bxc1 {[%clk 0:11:51]} 22. Bxc1 {[%clk 0:07:36]} Rxe1+ {[%clk
0:11:14]} 23. Qxe1 {[%clk 0:07:58]} Qg6 {[%clk 0:11:00]} 24. Qc3 {[%clk
0:06:00]} Re8 {[%clk 0:08:19]} 25. Bf4 {[%clk 0:04:25]} Qd3 {[%clk 0:06:52]}
0-1

[Event "Deutsche Ländermeisterschaft 2021"]
[Site "Neumünster GER"]
[Date "2021.10.02"]
[Round "2"]
[White "Blaufuß, Lena"]
[Black "Stasaitis, Paulina"]
[Result "0-1"]
[Termination "normal"]
[Board "7.8"]
[WhiteElo "1182"]
[BlackElo "1280"]
[WhiteClock "00:09:23"]
[BlackClock "00:13:43"]
[WhiteTeam "Thüringen"]
[BlackTeam "Württemberg"]
[PlyCount "100"]
[WhiteFideId "34610642"]
[BlackFideId "34606165"]
[EventCountry "GER"]
[EventRounds "7"]
[EventType "team-swiss"]
[EventDate "2021.10.01"]

1. e4 {[%clk 1:30:52]} e5 {[%clk 1:30:01]} 2. Nf3 {[%clk 1:30:41]} Nf6 {[%clk
1:29:59]} 3. Nc3 {[%clk 1:29:30]} Nc6 {[%clk 1:30:17]} 4. Bc4 {[%clk 1:29:17]}
Nxe4 {[%clk 1:30:22]} 5. Nxe4 {[%clk 1:28:35]} d5 {[%clk 1:30:45]} 6. Bd3
{[%clk 1:27:51]} dxe4 {[%clk 1:30:27]} 7. Bxe4 {[%clk 1:27:33]} Bd6 {[%clk
1:27:13]} 8. d3 {[%clk 1:25:25]} Bg4 {[%clk 1:22:49]} 9. h3 {[%clk 1:25:07]}
Bh5 {[%clk 1:22:07]} 10. Be3 {[%clk 1:23:29]} Qe7 {[%clk 1:13:44]} 11. O-O
{[%clk 1:20:49]} Bc5 {[%clk 1:10:54]} 12. Qd2 {[%clk 1:15:23]} Bxe3 {[%clk
1:07:35]} 13. Qxe3 {[%clk 1:12:24]} O-O {[%clk 1:05:03]} 14. Bxc6 {[%clk
1:10:31]} bxc6 {[%clk 1:04:54]} 15. Qxe5 {[%clk 1:08:36]} Qxe5 {[%clk 1:04:38]}
16. Nxe5 {[%clk 1:08:31]} Rfb8 {[%clk 1:02:40]} 17. b3 {[%clk 1:06:54]} Rb6
{[%clk 1:01:36]} 18. Rfe1 {[%clk 1:05:41]} f6 {[%clk 0:59:29]} 19. Nc4 {[%clk
1:02:58]} Rb5 {[%clk 0:56:19]} 20. Re7 {[%clk 0:58:25]} Rc8 {[%clk 0:51:42]}
21. Rae1 {[%clk 0:57:12]} Kf8 {[%clk 0:48:41]} 22. R7e6 {[%clk 0:52:49]} Re8
{[%clk 0:44:58]} 23. Kf1 {[%clk 0:47:24]} Rxe6 {[%clk 0:44:06]} 24. Rxe6 {[%clk
0:46:43]} Bd1 {[%clk 0:43:21]} 25. Ne3 {[%clk 0:42:26]} Bh5 {[%clk 0:40:58]}
26. Rxc6 {[%clk 0:39:37]} Rb7 {[%clk 0:40:27]} 27. Rc5 {[%clk 0:38:16]} Bf7
{[%clk 0:38:43]} 28. Nf5 {[%clk 0:36:05]} g6 {[%clk 0:33:46]} 29. Nd4 {[%clk
0:34:48]} Ke7 {[%clk 0:32:06]} 30. Ra5 {[%clk 0:31:26]} Kd7 {[%clk 0:28:11]}
31. Ke1 {[%clk 0:28:41]} Kd6 {[%clk 0:26:59]} 32. Kd2 {[%clk 0:27:32]} c5
{[%clk 0:25:50]} 33. Nf3 {[%clk 0:26:08]} Bd5 {[%clk 0:23:08]} 34. Kc3 {[%clk
0:24:05]} Bxf3 {[%clk 0:20:25]} 35. gxf3 {[%clk 0:23:43]} Ke5 {[%clk 0:20:12]}
36. Rxc5+ {[%clk 0:22:01]} Kf4 {[%clk 0:20:20]} 37. Rc6 {[%clk 0:20:20]} f5
{[%clk 0:20:30]} 38. Kd2 {[%clk 0:20:06]} Kxf3 {[%clk 0:20:16]} 39. Ke1 {[%clk
0:19:49]} Re7+ {[%clk 0:20:24]} 40. Kf1 {[%clk 0:19:03]} Re2 {[%clk 0:19:12]}
41. b4 {[%clk 0:18:23]} Rd2 {[%clk 0:18:14]} 42. Re6 {[%clk 0:16:09]} Rxf2+
{[%clk 0:18:01]} 43. Ke1 {[%clk 0:15:23]} Rxc2 {[%clk 0:17:54]} 44. Kf1 {[%clk
0:13:08]} Rh2 {[%clk 0:15:53]} 45. Kg1 {[%clk 0:12:18]} Rxa2 {[%clk 0:15:06]}
46. Re1 {[%clk 0:11:42]} Rg2+ {[%clk 0:14:30]} 47. Kf1 {[%clk 0:10:58]} Rd2
{[%clk 0:13:39]} 48. Kg1 {[%clk 0:10:08]} Rxd3 {[%clk 0:13:13]} 49. Rf1+ {[%clk
0:09:55]} Kg3 {[%clk 0:13:29]} 50. Rf2 {[%clk 0:09:23]} Rd1+ {[%clk 0:13:43]}
0-1